000 01019nam0a22002291 4500
001 rc\4556847
005 20260407120220.0
035 _a(NLR Aleph) 008367283
090 _a9035759
_c9035759
100 _a20130416b1957 |||y0rusy50 ca
101 0 _arus
102 _aRU
105 _ay z |||||
200 1 _aТруды Института
_eВып. 10
_fГос. ордена Ленина Ин-т усовершенствования врачей им. С.М. Кирова
210 _aЛенинград
_cБ. и.
_d1957
710 0 2 _aЛенинградский институт усовершенствования врачей им. С. М. Кирова
_3RU\NLR\AUTH\889950603
_9397014
801 0 _aRU
_bNLR
_gpsbo
801 1 _aRU
_bELAR
_2rusmarc
830 _aПеречень имеющихся в библиотеке томов, номеров, годов этого издания смотри в каталоге периодических изданий
852 _aNLR
_jП16/682
942 _cBOOK
980 _aNB